000 00512nam a2200181Ia 4500
005 20250326141122.0
008 250326s9999 xx 000 0 und d
037 _aTextbook
040 _aFMSL
_beng
_cFMSL
041 _aeng
_2eng
084 _qFMSL
100 _aGalpin T J
_9743273
245 0 _aHuman side of change: A practical guide to organization readings
_cGalpin T J
260 _aSan Francisco
_bSan Francisco, Jossey-Bass
_c1996
300 _a165p
942 _cTB
999 _c1288784
_d1288784